000 00350nam a2200145Ia 4500
008 230917s9999||||xx |||||||||||||| ||und||
040 _e59942
_aMAIN
041 _aEnglish
082 _a380.5 W585P
100 _aWhite, Peter R
245 0 _aPlanning for public transport
260 _aLondon
_bHutchinson
_c1976
300 _a223 p.
942 _cBK
999 _c197002
_d197002